Dos estudios sobre Salitre y Política en Chile: 1870-1895
Salvato in:
| Autore principale: | |
|---|---|
| Ente Autore: | |
| Natura: | Libro |
| Lingua: | spagnolo |
| Pubblicazione: |
Santiago
Universidad de Santiago de Chile
1991
|
| Edizione: | 1a. ed |
| Soggetti: | |
| Accesso online: | portada |
| Tags: |
Aggiungi Tag
Nessun Tag, puoi essere il primo ad aggiungerne!!
|
MARC
| LEADER | 00000nam a2200000 a 4500 | ||
|---|---|---|---|
| 001 | UCJ8870 | ||
| 003 | CL-VaPUC | ||
| 008 | 070124e19910000CL |||||||||||||||||spa|d | ||
| 082 | 0 | 4 | |a 983 |b BLA |2 21 |
| 100 | 0 | |a Blakemore, Harold |e author |9 518442 | |
| 110 | 2 | |a Universidad de Santiago de Chile |e author |9 518443 | |
| 245 | 1 | 0 | |a Dos estudios sobre Salitre y Política en Chile: 1870-1895 |
| 250 | |a 1a. ed | ||
| 300 | |a 58 p | ||
| 942 | |c BK | ||
| 945 | |d 20070124 00:00:00 |a fvergara | ||
| 260 | |a Santiago |b Universidad de Santiago de Chile |c 1991 | ||
| 500 | |a Harold Blakemore (1930-1991) | ||
| 500 | |a Editado por Luis Ortega | ||
| 650 | 0 | |a Salitre |9 313872 | |
| 650 | 0 | |a Industria minera |9 260256 | |
| 650 | 0 | |a Historia política |9 256974 | |
| 856 | 7 | |f UCJ8870_01.jpg |u http://opac.pucv.cl/pucv_img/Img-8500/UCJ8870_01.jpg |q JEPG |2 file |z portada | |
| 999 | |c 324519 |d 324517 | ||
| 583 | |k Rodrigo Vera | ||
| 952 | |0 0 |1 0 |4 0 |6 983_000000000000000_BLA_1991 |7 0 |8 X |9 404766 |a FDOBUD |b FDOBUD |d 2019-11-22 |i 108514K |o 983 BLA 1991 |p 108514K |r 2019-11-22 |w 2019-11-22 |y BK_X |k BUD | ||